Las facultades de educación y la renovación educativa / (Record no. 51609)
[ view plain ]
| 000 -LEADER | |
|---|---|
| fixed length control field | 00920cam a22002411 4500 |
| 001 - CONTROL NUMBER | |
| control field | pa 67000113 |
| 003 - CONTROL NUMBER IDENTIFIER | |
| control field | DLC |
| 005 - DATE AND TIME OF LATEST TRANSACTION | |
| control field | 20260227111857.0 |
| 008 - FIXED-LENGTH DATA ELEMENTS--GENERAL INFORMATION | |
| fixed length control field | 831231s1966 dcu i000 0 spa |
| 010 ## - LIBRARY OF CONGRESS CONTROL NUMBER | |
| LC control number | pa 67000113 |
| 035 ## - SYSTEM CONTROL NUMBER | |
| System control number | (OCoLC)21648373 |
| 040 ## - CATALOGING SOURCE | |
| Original cataloging agency | DLC |
| Transcribing agency | CU |
| Modifying agency | TxEU |
| -- | DLC |
| 042 ## - AUTHENTICATION CODE | |
| Authentication code | premarc |
| 050 00 - LIBRARY OF CONGRESS CALL NUMBER | |
| Classification number | LB2325 |
| Item number | .F3 |
| 245 04 - TITLE STATEMENT | |
| Title | Las facultades de educación y la renovación educativa / |
| Statement of responsibility, etc. | Juan Carlos Agulla, Emilio Barrantes, Valnir Chagas, Raúl Osorio |
| 260 ## - PUBLICATION, DISTRIBUTION, ETC. | |
| Place of publication, distribution, etc. | Washington : |
| Name of publisher, distributor, etc. | Departamento de Asuntos Educativos, Unión Panamericana, Secretaría General, Organización de los Estados Americanos, |
| Date of publication, distribution, etc. | 1966 |
| 300 ## - PHYSICAL DESCRIPTION | |
| Extent | 65 p. ; |
| Dimensions | 28 cm |
| 504 ## - BIBLIOGRAPHY, ETC. NOTE | |
| Bibliography, etc. note | Bibliography: p. 48-49 |
| 650 #0 - SUBJECT ADDED ENTRY--TOPICAL TERM | |
| Topical term or geographic name entry element | Education, Higher |
| Geographic subdivision | Latin America |
| 650 #0 - SUBJECT ADDED ENTRY--TOPICAL TERM | |
| Topical term or geographic name entry element | Education, Higher |
| Geographic subdivision | Latin America |
| General subdivision | Aims and objectives |
| 700 1# - ADDED ENTRY--PERSONAL NAME | |
| Personal name | Agulla, Juan Carlos. |
| 710 2# - ADDED ENTRY--CORPORATE NAME | |
| Corporate name or jurisdiction name as entry element | Pan American Union. |
| Subordinate unit | Department of Educational Affairs. |
No items available.